|
|
|
|
| LEADER |
02549nam a2200637 a 4500 |
| 001 |
nkc20152663888 |
| 003 |
CZ PrNK |
| 005 |
20190502235008.0 |
| 007 |
ta |
| 008 |
150209s2014 xr afh f 001 0dcze |
| 015 |
|
|
|a cnb002663888
|
| 020 |
|
|
|a 978-80-7286-245-0
|q (váz.)
|
| 035 |
|
|
|a (OCoLC)907527538
|
| 040 |
|
|
|a ABA001
|b cze
|
| 041 |
0 |
|
|a cze
|b eng
|b pol
|
| 043 |
|
|
|a e-xr---
|a e-pl---
|
| 072 |
|
7 |
|a 80
|x Filologie
|2 Konspekt
|9 11
|
| 080 |
|
|
|a 80(=162.1)+908(438)
|2 MRF
|
| 080 |
|
|
|a 321
|2 MRF
|
| 080 |
|
|
|a 340
|2 MRF
|
| 080 |
|
|
|a 327
|2 MRF
|
| 080 |
|
|
|a (437.3)
|2 MRF
|
| 080 |
|
|
|a 94(438)
|2 MRF
|
| 080 |
|
|
|a (048.8:082)
|2 MRF
|
| 100 |
1 |
|
|a Baron, Roman,
|d 1970-
|7 mzk2005318084
|4 aut
|
| 245 |
1 |
0 |
|a Česká polonistická studia: tradice a současnost :
|b (filologie, historie, politologie, právo) /
|c Roman Baron, Roman Madecki a kolektiv
|
| 260 |
|
|
|a Praha :
|b Historický ústav,
|c 2014
|
| 300 |
|
|
|a 619 s., xx s obr. příl. :
|b portréty, faksim. ;
|c 24 cm
|
| 490 |
1 |
|
|a Práce Historického ústavu AV ČR =
|a Opera Instituti Historici Pragae. Řada A, Monographia ;
|v sv. 56
|
| 504 |
|
|
|a Obsahuje bibliografie, bibliografické odkazy a rejstřík
|
| 546 |
|
|
|a Anglické a polské resumé
|
| 650 |
0 |
7 |
|a polonistika
|7 ph115800
|z Česko
|2 czenas
|
| 650 |
0 |
7 |
|a polonistika
|7 ph115800
|2 czenas
|
| 650 |
0 |
7 |
|a politologie
|7 ph115796
|2 czenas
|
| 650 |
0 |
7 |
|a právní věda
|7 ph115913
|2 czenas
|
| 650 |
0 |
9 |
|a Polish studies
|z Czechia
|2 eczenas
|
| 650 |
0 |
9 |
|a Polish studies
|2 eczenas
|
| 650 |
0 |
9 |
|a political science
|2 eczenas
|
| 650 |
0 |
9 |
|a jurisprudence
|2 eczenas
|
| 651 |
|
7 |
|a Polsko
|7 ge130478
|x dějiny
|2 czenas
|
| 651 |
|
7 |
|a Polsko
|7 ge130478
|x mezinárodní vztahy
|2 czenas
|
| 651 |
|
7 |
|a Česko
|7 ge128065
|x mezinárodní vztahy
|2 czenas
|
| 651 |
|
9 |
|a Poland
|x history
|2 eczenas
|
| 651 |
|
9 |
|a Poland
|x international relations
|2 eczenas
|
| 651 |
|
9 |
|a Czechia
|x international relations
|2 eczenas
|
| 655 |
|
7 |
|a kolektivní monografie
|7 fd501537
|2 czenas
|
| 655 |
|
9 |
|a collective monographs
|2 eczenas
|
| 700 |
1 |
|
|a Madecki, Roman,
|d 1969-
|7 mzk2007411412
|4 aut
|
| 810 |
2 |
|
|a Historický ústav (Akademie věd ČR).
|t Práce.
|p Monographia
|0 s
|
| 856 |
4 |
1 |
|u http://www.digitalniknihovna.cz/mzk/uuid/uuid:e85ea670-4ca6-11e9-936e-005056827e52
|y Digitalizovaný dokument
|x NDK
|
| 910 |
2 |
|
|a BOA001
|b 2-1344.232
|
| 928 |
9 |
|
|a Historický ústav Akademie věd České republiky
|
| 990 |
|
|
|a BK
|
| 995 |
|
|
|a 01
|
| 991 |
|
|
|b 201503
|c NOV
|e n
|
| 996 |
6 |
|
|b 2610628005
|c 2-1344.232
|l MZK
|r Sklad / do 1 hodiny
|n 6
|p p.v.
|w 001498404
|u 000010
|a 1
|e BOA001
|j MZK50
|s P
|